Qualcuno ha mentito /

Uloženo v:
Podrobná bibliografie
Hlavní autor: Mancassola, Marco (Autor)
Médium: Kniha
Jazyk:italština
Vydáno: Milano : Mondadori, 2004
Edice:Strade blu
Tagy: Přidat tag
Žádné tagy, Buďte první, kdo vytvoří štítek k tomuto záznamu!

MARC

LEADER 00000nam a2200000 i 4500
001 IT\ICCU\MOD\0863332
003 ItRI
005 20260115231851.0
008 040522s2004 it |||||| ||||| |||||c
015 |2 IT  |a 2005-12861 
020 |a 8804530006 
040 |b ita  |c importazione bologna sebina 
041 7 |a ita  |2 ISO-639-2 
082 |a 853.92  |9 NARRATIVA ITALIANA, 2000-  |2 21 
100 1 |a Mancassola, Marco  |0 IT\ICCU\RAVV\263456  |4 aut 
245 1 0 |a Qualcuno ha mentito /  |c Marco Mancassola. 
260 |a Milano :  |b Mondadori,  |c 2004 
300 |a 141 p. ;  |c 21 cm. 
830 0 |a Strade blu  |0 IT\ICCU\RAV\0329587 
942 |2 ddc  |c BK  |n 0 
952 |0 0  |1 0  |4 0  |6 DOC_853_920000000000000_MAN  |7 0  |9 14659  |a BO  |b BO  |d 2026-01-15  |i 8288  |l 0  |o DOC 853.92 MAN  |p BO8288  |r 2026-01-15 23:18:51  |w 2026-01-15  |x [Sebina 5] [1 v.]  |y BK  |z 1 v. 
999 |c 12635  |d 12635